Diseño y construccion de un horno solar / Alejandro Gomez Ceron (Registro nro. 18137)
[ vista simple ]
| 000 -LÍDER | |
|---|---|
| fixed length control field | 00502nam a2200133 4500 |
| 008 - ELEMENTOS DE LONGITUD FIJA -- INFORMACIÓN GENERAL | |
| fixed length control field | 0 1995 0a 000 0MEX |
| 050 ## - SIGNATURA TOPOGRAFICA DE LA BIBLIOTECA DEL CONGRESO (LC) | |
| Número de Clasificación | TK153 G633 1995 |
| 082 ## - NUMERO DE CLASIFICACION DECIMAL DEWEY | |
| Número de Clasificación | 621.477 G643d |
| 100 ## - ASIENTO PRINCIPAL--NOMBRE PERSONAL | |
| Nombre personal | Gomez Ceron, Alejandro |
| 245 ## - TÍTULO | |
| Título | Diseño y construccion de un horno solar / Alejandro Gomez Ceron |
| 300 ## - DESCRIPCIÓN FÍSICA | |
| Extensión | 68 p. / 23 cm. |
| 502 ## - NOTA DE TESIS | |
| Nota de tesis | (Ing. Electromecanica) - Instituto Tecnologico de Zacatepec - Ing. Roman Hernandez Aguirre |
| 650 ## - ASIENTO SECUNDARIO DE MATERIA - TERMINO TEMÁTICO | |
| Término temático o nombre geográfico como elemento de entrada | 1.FUNCIONAMIENTO TERMICO \ 2.RAZON DE CONCENTRACION |
| No. biblioteca | No. biblioteca | Número de clasificación | Código de barras/Número de adquisición | Número de copia | Tipo de material |
|---|---|---|---|---|---|
| ÁREA DE ELECTROMECÁNICA | ÁREA DE ELECTROMECÁNICA | 621.477 G643d | E214-1995 | 1 | Libros |
